Detalles MARC
| 000 -CABECERA |
| campo de control de longitud fija |
01783nam a2200337 i 4500 |
| 001 - NÚMERO DE CONTROL |
| campo de control |
000029919 |
| 003 - IDENTIFICADOR DEL NÚMERO DE CONTROL |
| campo de control |
DO-SdBNP |
| 005 - FECHA Y HORA DE LA ÚLTIMA TRANSACCIÓN |
| campo de control |
20250204092151.0 |
| 007 - CAMPO FIJO DE DESCRIPCIÓN FÍSICA--INFORMACIÓN GENERAL |
| campo de control de longitud fija |
ta |
| 008 - DATOS DE LONGITUD FIJA--INFORMACIÓN GENERAL |
| campo de control de longitud fija |
090917s20002001dr 001 s spa d |
| 020 ## - NÚMERO INTERNACIONAL ESTÁNDAR DEL LIBRO |
| Número Internacional Estándar del Libro |
9993433144 |
| 040 ## - FUENTE DE LA CATALOGACIÓN |
| Centro catalogador/agencia de origen |
DO-SdBNP |
| Lengua de catalogación |
spa |
| Centro/agencia transcriptor |
BNPHU |
| Normas de descripción |
rda |
| 082 #4 - NÚMERO DE LA CLASIFICACIÓN DECIMAL DEWEY |
| Número de clasificación |
RD865.4 |
| Número de documento/Ítem |
A634g |
| Número de edición |
22 |
| 245 00 - MENCIÓN DE TÍTULO |
| Título |
Antología de grandes oradores dominicanos / |
| Mención de responsabilidad, etc. |
compilador, Julio Jaime Julia ; editores José Rafael Vargas, Tomás Castro Burdiéz ; prólogo Jorge Tena Reyes. |
| 264 ## - PRODUCCIÓN, PUBLICACIÓN, DISTRIBUCIÓN, FABRICACIÓN Y COPYRIGHT |
| Producción, publicación, distribución, fabricación y copyright |
Santo Domingo : |
| Nombre del de productor, editor, distribuidor, fabricante |
Mediabyte, |
| Fecha de producción, publicación, distribución, fabricación o copyright |
2000 -2001. |
| 300 ## - DESCRIPCIÓN FÍSICA |
| Extensión |
volumenes ; |
| Dimensiones |
21 cm. |
| 336 ## - TIPO DE CONTENIDO |
| Fuente |
rdacontent |
| Término de tipo de contenido |
texto |
| Código de tipo de contenido |
txt |
| 337 ## - TIPO DE MEDIO |
| Fuente |
rdamedia |
| Nombre/término del tipo de medio |
sin mediación |
| Código del tipo de medio |
n |
| 338 ## - TIPO DE SOPORTE |
| Fuente |
rdacarrier |
| Nombre/término del tipo de soporte |
volumen |
| Código del tipo de soporte |
nc |
| 505 2# - NOTA DE CONTENIDO CON FORMATO |
| Información miscelánea |
Prólogo -- |
| Título |
Julio Jaime Julia: una vida consagrada a la investigación y difusión de nuestros autenticos valores culturales e historicos -- |
| -- |
Joaquín Balaguer -- |
| -- |
Juan Bosch -- |
| -- |
José Francisco Peña Gómez -- |
| -- |
Fabio A. Mota -- |
| -- |
Manuel A. Machado -- |
| -- |
Víctor Lulo Guzman -- |
| -- |
Rafael Vidal -- |
| -- |
Discursos variados -- |
| -- |
Juan Tomas Mejia -- |
| -- |
Aristides Fiallo Cabral -- |
| -- |
Arturo Grullon -- |
| -- |
Juan Alberto Peña Lebron -- |
| -- |
Joaquín E. Salazar -- |
| -- |
Oscar Robles Toledano -- |
| -- |
Armando Oscar Pacheco -- |
| -- |
Héctor Pérez Reyes -- |
| -- |
Mariano Lebron Saviñon -- |
| -- |
Antonio Fernández Spencer -- |
| -- |
Biografía de Julio Jaime Julia / |
| 590 ## - NOTA LOCAL (RLIN) |
| Nota local |
Inventariado, 2018/ YL |
| 650 #4 - PUNTO DE ACCESO ADICIONAL DE MATERIA--TÉRMINO DE MATERIA |
| Término de materia o nombre geográfico como elemento de entrada |
Oradores dominicanos |
| 9 (RLIN) |
56659 |
| 650 #4 - PUNTO DE ACCESO ADICIONAL DE MATERIA--TÉRMINO DE MATERIA |
| Término de materia o nombre geográfico como elemento de entrada |
Oratoria dominicana |
| 9 (RLIN) |
56660 |
| 650 10 - PUNTO DE ACCESO ADICIONAL DE MATERIA--TÉRMINO DE MATERIA |
| Término de materia o nombre geográfico como elemento de entrada |
Literatura dominicana. |
| 9 (RLIN) |
67 |
| 700 1# - PUNTO DE ACCESO ADICIONAL--NOMBRE DE PERSONA |
| Nombre de persona |
Julia, Julio Jaime |
| Fechas asociadas al nombre |
1922-1993 |
| Término indicativo de función/relación |
compilador |
| 9 (RLIN) |
20185 |
| 700 1# - PUNTO DE ACCESO ADICIONAL--NOMBRE DE PERSONA |
| Nombre de persona |
Tena Reyes, Jorge, |
| Término indicativo de función/relación |
pról. |
| 9 (RLIN) |
8252 |
| 700 1# - PUNTO DE ACCESO ADICIONAL--NOMBRE DE PERSONA |
| Nombre de persona |
Vargas, José Rafael, |
| Término indicativo de función/relación |
ed. |
| 9 (RLIN) |
21851 |
| 700 ## - PUNTO DE ACCESO ADICIONAL--NOMBRE DE PERSONA |
| Nombre de persona |
Castro, Tomás, |
| Fechas asociadas al nombre |
1959- |
| Término indicativo de función/relación |
ed. |
| 9 (RLIN) |
24641 |
| 910 ## - DATOS DE OPCIÓN DEL USUARIO (OCLC) |
| Datos de opción del usuario |
Validado. Control de calidad MMOLINA |
| 942 ## - ELEMENTOS DE PUNTO DE ACCESO ADICIONAL (KOHA) |
| Fuente del sistema de clasificación o colocación |
Dewey Decimal Classification |
| Tipo de ítem Koha |
Libro |